La lucha contra el mundo / (Record no. 130144)

MARC details
000 -LEADER
campo de control de longitud fija 00593nam a2200193 i 4500
001 - NÚMERO DE CONTROL
campo de control 130144
003 - IDENTIFICADOR DE NÚMERO DE CONTROL
campo de control ES-MaACL
005 - FECHA Y HORA DE LA ÚLTIMA TRANSACCIÓN
campo de control 20231027063024.0
007 - CAMPO FIJO DE DESCRIPCIÓN FÍSICA--INFORMACIÓN GENERAL
campo de control de longitud fija t|
008 - DATOS DE LONGITUD FIJA--INFORMACIÓN GENERAL
campo de control de longitud fija 070719q1946 sp ||||1| spa d
100 1# - ENTRADA PRINCIPAL--NOMBRE DE PERSONA
Nombre de persona Zweig, Stefan,
Fechas asociadas al nombre 1881-1942
9 (RLIN) 118562
245 13 - MENCIÓN DEL TÍTULO
Título La lucha contra el mundo /
Mención de responsabilidad, etc. Stefan Zweig ; [traducción de G. Almagro Rodiera].
260 ## - PUBLICACIÓN, DISTRIBUCIÓN, ETC.
Lugar de publicación, distribución, etc. [Barcelona :
Nombre del editor, distribuidor, etc. A. G. Ivern,
Fecha de publicación, distribución, etc. 1946?]
300 ## - DESCRIPCIÓN FÍSICA
Extensión 346 p. ;
Dimensiones 16 cm.
500 ## - NOTA GENERAL
Nota general Ej. falto de portada.
700 1# - ENTRADA AGREGADA--NOMBRE PERSONAL
Nombre de persona Almagro Rodiera, G.
9 (RLIN) 20080
852 ## - LOCALIZACIÓN
Ubicación ES-MaACL
Número de control de estantería D-6716
Sublocalización o colección R.27019
Holdings
Estatus retirado Estado de pérdida Estado de daño No para préstamo Biblioteca de origen Biblioteca actual Ubicación en estantería Fecha de adquisición Fuente de adquisición Total de préstamos Signatura topográfica completa Código de barras Visto por última vez Precio de reemplazo Tipo de ítem Koha
        Biblioteca del Ateneo de Madrid Biblioteca del Ateneo de Madrid Sala Valle Inclán 17/01/2008     D-6716 901135513 23/02/2023 23/02/2023 Libro impreso